Look who's talking: a guide to the development of successful conversation groups in intermediate and advanced E.S.L. classrooms

Gardado en:
Detalles Bibliográficos
Main Authors: Christison, Mary Ann (Author), Bassano, Sharon (Author)
Formato: Libro
Idioma:inglés
Publicado: San Francisco The Alemanig Press 1982
Subjects:
Tags: Engadir etiqueta
Sen Etiquetas, Sexa o primeiro en etiquetar este rexistro!

MARC

LEADER 00000nam a2200000 a 4500
001 UCW8718
003 CL-VaPUC
008 881025e19820000US |||||||||||||||||eng|d
082 0 4 |a 428.007  |b CHR  |2 21 
100 0 |a Christison, Mary Ann  |e author  |9 313950 
700 0 |a Bassano, Sharon  |e author  |9 313951 
245 1 0 |a Look who's talking: a guide to the development of successful conversation groups in intermediate and advanced E.S.L. classrooms 
300 |a 117 p 
942 |c BK 
945 |d 19881025 00:00:00 
260 |a San Francisco  |b The Alemanig Press  |c 1982 
650 7 |a LENGUAJE Y LENGUAS ENSEÑANZA  |2 CL-VaPUC  |9 307441 
650 7 |a INGLES ENSEÑANZA  |2 CL-VaPUC  |9 313261 
650 7 |a ESTUDIANTES EXTRANJEROS  |2 CL-VaPUC  |9 313952 
583 |a last modification  |c 19881025 00:00:00  |k Rodrigo Vera 
999 |c 221007  |d 221005 
952 |0 0  |1 0  |4 0  |6 428_007000000000000_CHR_1982  |7 0  |8 A  |9 213893  |a BIBEDU  |b BIBEDU  |d 2019-11-15  |i 2822547  |o 428.007 CHR 1982  |p 2822547  |r 2019-11-15  |w 2019-11-15  |y BK  |k LIT